[Event "Washington Class Ch - Master Section"]
[Site "Redmond, WA"]
[Date "2009.11.27"]
[Round "1"]
[White "Collyer, Curt"]
[Black "Guo, Alex"]
[Result "0-1"]
[WhiteElo "2303"]
[BlackElo "2091"]
[PlyCount "86"]
[EventDate "2009.11.29"]
[Source "NWChess.com"]
[SourceDate "2009.12.26"]

1. d4 f5 2. Nc3 Nf6 3. Bg5 d5 4. Bxf6 exf6 5. e3 Be6 6. Bd3 Qd7 7. Qf3 Nc6 8.
a3 Rd8 9. Nge2 Bd6 10. Nb5 Ne7 11. Nxd6+ Qxd6 12. O-O h5 13. Rac1 g5 14. Nc3
Qd7 15. Qd1 h4 16. Qe2 Bf7 17. Nb1 Bh5 18. f3 Kf7 19. Qf2 Kg7 20. Nd2 Bf7 21.
c3 Ng6 22. Nb3 f4 23. Bxg6 fxe3 24. Qxe3 Rde8 25. Qd2 Bxg6 26. Nc5 Qc8 27. f4
b6 28. Nd3 Qf5 29. Nb4 g4 30. Rce1 a5 31. Na2 g3 32. Rxe8 Rxe8 33. Nc1 Qg4 34.
Rf3 gxh2+ 35. Kxh2 Be4 36. Rh3 Kf7 37. Qf2 Rg8 38. Re3 Qxg2+ 39. Qxg2 Rxg2+ 40.
Kh3 Rg1 41. Nd3 Rh1+ 42. Kg4 Kg6 43. Nf2 f5# 0-1

[Event "Washington Class Ch - Master Section"]
[Site "Redmond, WA"]
[Date "2009.11.28"]
[Round "3"]
[White "Collyer, Curt"]
[Black "Haessler, Carl"]
[Result "1-0"]
[WhiteElo "2303"]
[BlackElo "2200"]
[PlyCount "49"]
[EventDate "2009.11.29"]
[Source "NWChess.com"]
[SourceDate "2009.12.26"]

1. d4 d5 2. Bg5 Bf5 3. e3 c6 4. Nf3 Qb6 5. Qc1 Nd7 6. c4 f6 7. Bh4 e5 8. Nc3
Rc8 9. Be2 Bd6 10. c5 Bxc5 11. dxc5 Nxc5 12. O-O g5 13. Bg3 Ne7 14. Nxe5 fxe5
15. Bxe5 Rg8 16. Bh5+ Ng6 17. Bd4 Qa5 18. e4 dxe4 19. Bxc5 Qxc5 20. Qxg5 b6 21.
Rfe1 Rc7 22. Rac1 h6 23. Qf6 Qf8 24. Nxe4 Kd7 25. Rcd1+ 1-0

[Event "Washington Class Ch - Master Section"]
[Site "Redmond, WA"]
[Date "2009.11.28"]
[Round "2"]
[White "Collyer, Curt"]
[Black "Harmon-Vellotti, Luke"]
[Result "1/2-1/2"]
[WhiteElo "2303"]
[BlackElo "2044"]
[PlyCount "68"]
[EventDate "2009.11.29"]
[Source "NWChess.com"]
[SourceDate "2009.12.26"]

1. d4 Nf6 2. c4 e6 3. Nc3 Bb4 4. f3 d5 5. a3 Bxc3+ 6. bxc3 O-O 7. cxd5 exd5 8.
e3 c5 9. Bd3 Nc6 10. Ne2 Qc7 11. O-O Re8 12. Ng3 Bd7 13. Ra2 Re7 14. Kh1 Rae8
15. Bb1 Qd6 16. Raf2 b5 17. Qd3 a6 18. dxc5 Qe6 19. Nh5 g6 20. Nf4 Qe5 21. Ba2
Bf5 22. Qd1 Rd7 23. Ne2 Na5 24. Nd4 Nc4 25. c6 Rdd8 26. Bxc4 dxc4 27. e4 Bc8
28. Qd2 Nh5 29. g4 Ng7 30. Qg5 f6 31. Qe3 Ne6 32. f4 Qc5 33. Nxe6 Qxe3 34. Bxe3
Rxe6 1/2-1/2

[Event "Washington Class Ch - Master Section"]
[Site "Redmond, WA"]
[Date "2009.11.29"]
[Round "6"]
[White "Collyer, Curt"]
[Black "Sinanan, Josh"]
[Result "1/2-1/2"]
[WhiteElo "2303"]
[BlackElo "2243"]
[PlyCount "65"]
[EventDate "2009.11.29"]
[Source "NWChess.com"]
[SourceDate "2009.12.26"]

1. b3 d5 2. Bb2 c5 3. e3 a6 4. Nf3 Nc6 5. d4 Bg4 6. Be2 e6 7. h3 Bh5 8. O-O Nf6
9. Nbd2 Rc8 10. Ne5 Bxe2 11. Qxe2 cxd4 12. exd4 Be7 13. c3 O-O 14. f4 b5 15. b4
Nd7 16. a4 Ncxe5 17. fxe5 a5 18. bxa5 b4 19. cxb4 Bxb4 20. Nb3 Rc4 21. Rfc1 Qc7
22. Rxc4 dxc4 23. Rc1 Rc8 24. Nd2 c3 25. Nb1 Qxa5 26. Qb5 Nb6 27. Nxc3 h6 28.
Na2 Rxc1+ 29. Bxc1 Qxb5 30. axb5 Ba5 31. Ba3 Nd5 32. Kf2 Nc7 33. Bc5 1/2-1/2

[Event "Washington Class Ch - Master Section"]
[Site "Redmond, WA"]
[Date "2009.11.28"]
[Round "3"]
[White "Dixon, Dakota"]
[Black "Schill, William"]
[Result "1-0"]
[WhiteElo "2011"]
[BlackElo "2201"]
[PlyCount "65"]
[EventDate "2009.11.29"]
[Source "NWChess.com"]
[SourceDate "2009.12.26"]

1. d4 Nf6 2. c4 g6 3. Nc3 Bg7 4. e4 d6 5. Be2 O-O 6. Nf3 e5 7. O-O Nc6 8. d5
Ne7 9. Ne1 Nd7 10. Be3 f5 11. f3 f4 12. Bf2 g5 13. Nd3 Ng6 14. c5 Nf6 15. cxd6
cxd6 16. Rc1 Rf7 17. Qb3 g4 18. Rc2 g3 19. hxg3 Nh5 20. gxf4 exf4 21. Nb5 Qg5
22. Rfc1 Bh3 23. Bf1 Rd8 24. Bd4 Nh4 25. Ne1 a6 26. Bxg7 Rxg7 27. Nd4 Kh8 28.
Ne6 Bxe6 29. dxe6 Rdg8 30. Qd5 Qh6 31. Rc8 Ng6 32. Rxg8+ Rxg8 33. Qxd6 1-0

[Event "Washington Class Ch - Master Section"]
[Site "Redmond, WA"]
[Date "2009.11.29"]
[Round "6"]
[White "Greninger, Harley"]
[Black "Perez, Ignacio"]
[Result "1/2-1/2"]
[WhiteElo "2221"]
[BlackElo "2265"]
[PlyCount "89"]
[EventDate "2009.11.29"]
[Source "NWChess.com"]
[SourceDate "2009.12.26"]

1. d4 Nf6 2. Nf3 g6 3. Nc3 Bg7 4. e4 d6 5. Be3 O-O 6. Qd2 c6 7. Bh6 Bg4 8. Bxg7
Kxg7 9. Be2 Bxf3 10. Bxf3 Nbd7 11. O-O e5 12. Rad1 Qb6 13. Qe3 Rad8 14. dxe5
dxe5 15. Qxb6 axb6 16. a4 Rfe8 17. Rd2 Kf8 18. Rfd1 Ke7 19. Be2 Nc5 20. Bc4 Ra8
21. b3 Rf8 22. f3 h5 23. h4 Rfc8 24. Kf2 Rc7 25. Ke3 Rd7 26. Rxd7+ Nfxd7 27. g3
f5 28. f4 Rf8 29. exf5 exf4+ 30. gxf4 Rxf5 31. Rg1 Nf6 32. b4 Ng4+ 33. Rxg4
hxg4 34. bxc5 Rxc5 35. Kd4 Rh5 36. Bd3 Rxh4 37. Ne2 Kf6 38. Ke3 Rh3+ 39. Kf2
Rf3+ 40. Kg2 Kf7 41. Bc4+ Kg7 42. Bd3 Kh6 43. Kh2 Kh5 44. Kg2 Re3 45. Kf2
1/2-1/2

[Event "Washington Class Ch - Master Section"]
[Site "Redmond, WA"]
[Date "2009.11.28"]
[Round "4"]
[White "Guo, Alex"]
[Black "Perez, Ignacio"]
[Result "0-1"]
[WhiteElo "2091"]
[BlackElo "2265"]
[PlyCount "100"]
[EventDate "2009.11.29"]
[Source "NWChess.com"]
[SourceDate "2009.12.26"]

1. c4 e5 2. g3 Nf6 3. Bg2 Bc5 4. Nc3 O-O 5. e3 Re8 6. Nge2 Nc6 7. a3 a5 8. O-O
e4 9. d4 exd3 10. Nf4 d2 11. Bxd2 Ne5 12. Na4 Ba7 13. Qc2 d6 14. h3 Bd7 15.
Bxb7 g5 16. Nd5 Nxd5 17. Bxd5 Bxh3 18. f4 gxf4 19. Rxf4 Qg5 20. c5 Qxg3+ 21.
Kh1 Bg4 22. Raf1 Qh3+ 23. Kg1 Kh8 24. Bg2 Qh5 25. Bc3 Rg8 26. Rf5 Bxf5 27. Rxf5
Qh6 28. Qe4 f6 29. Rf4 Raf8 30. Bxa5 Rg7 31. Bc3 Rfg8 32. Rf2 dxc5 33. Bxe5
fxe5 34. Qxe5 c4 35. Re2 Qc6 36. Nc3 Bxe3+ 37. Kf1 Qc5 38. Rxe3 Qxe5 39. Rxe5
Rxg2 40. Rc5 Rxb2 41. Rxc7 Rc2 42. Nd5 Rb8 43. Nb4 Rc3 44. Nd5 Rd3 45. Nb4 Rxa3
46. Nc2 Rc3 47. Nd4 Rb2 48. Ne2 Rf3+ 49. Kg2 Re3 50. Rc8+ Kg7 0-1

[Event "Washington Class Ch - Master Section"]
[Site "Redmond, WA"]
[Date "2009.11.27"]
[Round "1"]
[White "Harmon-Vellotti, Luke"]
[Black "Sinanan, Josh"]
[Result "0-1"]
[WhiteElo "2044"]
[BlackElo "2243"]
[PlyCount "88"]
[EventDate "2009.11.29"]
[Source "NWChess.com"]
[SourceDate "2009.12.26"]

1. e4 c5 2. Nf3 e6 3. d4 cxd4 4. Nxd4 Nc6 5. Nc3 Qc7 6. Be3 a6 7. Bd3 Nf6 8.
O-O Ne5 9. h3 Bc5 10. Qe2 d6 11. f4 Ned7 12. Rfe1 O-O 13. Bf2 e5 14. Nf5 exf4
15. Ne7+ Kh8 16. Ned5 Qd8 17. Bxc5 dxc5 18. Rad1 Nxd5 19. Nxd5 Ne5 20. Nxf4 Qg5
21. Qe3 b5 22. Bf1 Bb7 23. Nd3 Qxe3+ 24. Rxe3 Rad8 25. Ree1 Nxd3 26. Rxd3 c4
27. Rxd8 Rxd8 28. e5 Kg8 29. b3 c3 30. Bd3 Kf8 31. Kf2 b4 32. g4 Ke7 33. Kg3 h6
34. h4 Rd4 35. g5 h5 36. Rd1 Rg4+ 37. Kh3 Bc8 38. Kh2 Rxh4+ 39. Kg3 Rg4+ 40.
Kf3 Rxg5 41. Re1 Bb7+ 42. Kf2 Rg2+ 43. Ke3 h4 44. Bf5 g6 0-1

[Event "Washington Class Ch - Master Section"]
[Site "Redmond, WA"]
[Date "2009.11.28"]
[Round "1"]
[White "Kelley, Dereque"]
[Black "Collyer, Curt"]
[Result "1-0"]
[WhiteElo "2180"]
[BlackElo "2303"]
[PlyCount "66"]
[EventDate "2009.11.29"]
[Source "NWChess.com"]
[SourceDate "2009.12.26"]

{Collyer re-entered into the 2-day schedule.} 1. d4 d5 2. c4 c6 3. Nc3 Nf6 4.
e3 a6 5. Qc2 g6 6. Bd3 Bg7 7. Nf3 O-O 8. O-O Bg4 9. Ne5 Be6 10. b3 Nfd7 11. f4
Nxe5 12. fxe5 f6 13. exf6 exf6 14. Ba3 Re8 15. cxd5 cxd5 16. e4 dxe4 17. Nxe4
Bd5 18. Nd6 Re6 19. Rfe1 Rxd6 20. Bxd6 Qxd6 21. Qc8+ Bf8 22. Re8 b5 23. Qc5
Qxc5 24. dxc5 Nd7 25. Rxa8 Bxa8 26. b4 Ne5 27. Be2 Be4 28. Kf1 f5 29. a4 Nc6
30. axb5 axb5 31. Bxb5 Nxb4 32. Rc1 Bd3+ 33. Bxd3 Nxd3 {
remaining moves not recorded} (33... Nxd3 34. c6 $1 {the only move} Bd6 35. Rd1
$1 $18 (35. c7 Bxc7)) 1-0

[Event "Washington Class Ch - Master Section"]
[Site "Redmond, WA"]
[Date "2009.11.28"]
[Round "4"]
[White "Lapid Shafriri, Gil"]
[Black "Collyer, Curt"]
[Result "0-1"]
[WhiteElo "2167"]
[BlackElo "2303"]
[PlyCount "80"]
[EventDate "2009.11.29"]
[Source "NWChess.com"]
[SourceDate "2009.12.26"]

1. d4 e6 2. c4 f5 3. g3 Nf6 4. Bg2 Be7 5. Nf3 O-O 6. O-O d6 7. Nc3 Qe8 8. b3
Qh5 9. Qc2 Nbd7 10. Ba3 Rf7 11. Rad1 g5 12. Nb5 Bd8 13. Bc1 Ne4 14. c5 Ndf6 15.
Nc3 Nxc3 16. Qxc3 Ne4 17. Qc2 Bd7 18. Ne1 Bc6 19. Nd3 a5 20. Nb2 Be7 21. Nc4
Rf6 22. Bf3 g4 23. Bg2 Bf8 24. cxd6 cxd6 25. Nb6 Re8 26. d5 exd5 27. Nxd5 Bxd5
28. Rxd5 Bh6 29. Bb2 Rfe6 30. Bxe4 fxe4 31. Qc3 (31. Rxh5 $18) 31... Qxd5 32.
Qh8+ Kf7 33. Qxh7+ Kf8 34. Rc1 Qg5 35. Rc7 R6e7 36. Qh8+ Kf7 37. Qh7+ Bg7 38.
Bxg7 Qxg7 39. Qf5+ Kg8 40. Qd5+ Kh8 0-1

[Event "Washington Class Ch - Master Section"]
[Site "Redmond, WA"]
[Date "2009.11.27"]
[Round "2"]
[White "MacMillan, Charles"]
[Black "Collyer, Curt"]
[Result "1/2-1/2"]
[WhiteElo "2063"]
[BlackElo "2303"]
[PlyCount "83"]
[EventDate "2009.11.29"]
[Source "NWChess.com"]
[SourceDate "2009.12.26"]

1. e4 b6 2. d4 Bb7 3. Nc3 e6 4. Bd3 Nf6 5. Qe2 d5 6. exd5 Nxd5 7. Nxd5 Qxd5 8.
Nf3 Be7 9. Be3 Nd7 10. c3 O-O 11. O-O Bd6 12. h3 c5 13. Ba6 Bxa6 14. Qxa6 cxd4
15. Bxd4 Qc6 16. Rad1 Rad8 17. Qe2 e5 18. Be3 Bb8 19. Rfe1 h6 20. Nh2 f5 21. f3
Rde8 22. Nf1 Nf6 23. Qd2 Kh7 24. Bf2 e4 25. f4 Rf7 26. g3 Rd7 27. Qc2 Red8 28.
Ne3 g6 29. Rxd7+ Rxd7 30. Rd1 Bd6 31. Qe2 Bc5 32. Nc2 Bxf2+ 33. Kxf2 e3+ 34.
Nxe3 Ne4+ 35. Kg1 Nxg3 36. Rxd7+ Qxd7 37. Qc4 h5 38. Nd5 Qe6 39. Qc7+ Kh6 40.
Qd8 Kg7 41. Qc7+ Kh6 42. Qd8 1/2-1/2

[Event "Washington Class Ch - Master Section"]
[Site "Redmond, WA"]
[Date "2009.11.29"]
[Round "6"]
[White "MacMillan, Charles"]
[Black "Schill, William"]
[Result "1-0"]
[WhiteElo "2063"]
[BlackElo "2201"]
[PlyCount "50"]
[EventDate "2009.11.29"]
[Source "NWChess.com"]
[SourceDate "2009.12.26"]

1. d4 Nf6 2. c4 g6 3. Nc3 Bg7 4. e4 d6 5. f4 O-O 6. Be2 c5 7. d5 e6 8. Nf3 exd5
9. cxd5 Re8 10. e5 dxe5 11. fxe5 Ng4 12. e6 fxe6 13. d6 Nc6 14. Ne4 Nge5 15.
O-O Nd4 16. Bg5 Nexf3+ 17. Bxf3 Qb6 18. Nf6+ Bxf6 19. Bxf6 Qxd6 20. Qc1 Rf8 21.
Qg5 Rf7 22. Be4 Kf8 23. Rf2 Bd7 24. Raf1 Nf5 25. Bc3 Be8 {
and black lost on time.} 1-0

[Event "Washington Class Ch - Master Section"]
[Site "Redmond, WA"]
[Date "2009.11.29"]
[Round "5"]
[White "Perez, Ignacio"]
[Black "Collyer, Curt"]
[Result "0-1"]
[WhiteElo "2265"]
[BlackElo "2303"]
[PlyCount "104"]
[EventDate "2009.11.29"]
[Source "NWChess.com"]
[SourceDate "2009.12.26"]

1. e4 e6 2. d4 d5 3. Nc3 Nf6 4. Bg5 Be7 5. Bxf6 Bxf6 6. Nf3 c5 7. e5 Be7 8.
dxc5 Nd7 9. Na4 Qa5+ 10. c3 b5 11. cxb6 axb6 12. b3 b5 13. Nb2 Qxc3+ 14. Qd2
Bb4 15. Kd1 Qxb3+ 16. Qc2 Qxc2+ 17. Kxc2 Bc5 18. Bxb5 Ba6 19. Bxa6 Rxa6 20. Nd3
Bb6 21. a4 O-O 22. Rhb1 Rfa8 23. Rb4 Rc8+ 24. Kb3 Ba5 25. Rb7 h6 26. Rd1 Rc3+
27. Kb2 Nb6 28. Kb1 Nxa4 29. Rd2 Ra3 30. Rd1 Nc3+ 31. Kb2 Ra2+ 32. Kb3 Nxd1 33.
Kxa2 Nxf2 34. Rb8+ Bd8+ 35. Kb3 Nxd3 36. Rxd8+ Kh7 37. Kc3 Nf4 38. Rd7 Nxg2 39.
Rxf7 Ra3+ 40. Kb4 Re3 41. Rf8 Ne1 42. Nd4 Rxe5 43. Kc5 Re4 44. Nc6 Rf4 45. Re8
Rf6 46. Kd6 Nf3 47. Nd8 d4 48. Ke7 e5 49. Ne6 Rxe6+ 50. Kxe6 d3 51. Ra8 d2 52.
Ra1 e4 0-1

[Event "Washington Class Ch - Master Section"]
[Site "Redmond, WA"]
[Date "2009.11.27"]
[Round "1"]
[White "Perez, Ignacio"]
[Black "Gay, Daniel"]
[Result "1-0"]
[WhiteElo "2265"]
[BlackElo "2059"]
[PlyCount "77"]
[EventDate "2009.11.29"]
[Source "NWChess.com"]
[SourceDate "2009.12.26"]

1. e4 c5 2. Nf3 d6 3. d4 cxd4 4. Nxd4 Nf6 5. Nc3 a6 6. f3 e5 7. Nde2 Be6 8. Bg5
Be7 9. Qd2 b5 10. Bxf6 Bxf6 11. Rd1 Be7 12. a4 b4 13. Nd5 Bxd5 14. Qxd5 Nd7 15.
Ng3 g6 16. Bc4 O-O 17. Qd2 Kg7 18. O-O Qb6+ 19. Kh1 Nc5 20. a5 Qxa5 21. f4 Ne6
22. Bxe6 fxe6 23. f5 exf5 24. exf5 Qb6 25. Qd5 Bh4 26. Ne4 Rad8 27. f6+ Bxf6
28. Nxf6 Rxf6 29. Rxf6 Kxf6 30. Rf1+ Kg5 31. Qd2+ Kh5 32. h4 Kxh4 33. Qh6+ Kg4
34. Qxh7 d5 35. g3 Kxg3 36. Qh2+ Kg4 37. Qxe5 g5 38. Qf5+ Kh5 39. Kg2 1-0

[Event "Washington Class Ch - Master Section"]
[Site "Redmond, WA"]
[Date "2009.11.28"]
[Round "3"]
[White "Perez, Ignacio"]
[Black "Lee, Michael"]
[Result "1/2-1/2"]
[WhiteElo "2265"]
[BlackElo "2399"]
[PlyCount "89"]
[EventDate "2009.11.29"]
[Source "NWChess.com"]
[SourceDate "2009.12.26"]

1. d4 Nf6 2. c4 c5 3. e3 cxd4 4. exd4 d5 5. Nc3 Nc6 6. Nf3 e6 7. a3 Be7 8. Bd3
O-O 9. O-O dxc4 10. Bxc4 Nd5 11. Qd3 a6 12. Rd1 b5 13. Ba2 b4 14. Ne4 Qc7 15.
Bg5 Bb7 16. Rac1 Rad8 17. Bb1 g6 18. Bh6 Rfe8 19. axb4 Ndxb4 20. Qb3 Qb6 21.
Qc3 Nd5 22. Qd2 Na5 23. Nc5 Nb3 24. Nxb3 Qxb3 25. Ne5 Rc8 26. Be4 Bb4 27. Qe2
Rxc1 28. Rxc1 Rc8 29. Rxc8+ Bxc8 30. h4 Bd6 31. Ng4 Be7 32. Bd3 Qa4 33. Bc4 Qa5
34. Qe5 f6 35. Qe2 Kf7 36. h5 Bd6 37. hxg6+ hxg6 38. g3 Nb6 39. Bb3 f5 40. Ne5+
Bxe5 41. Qxe5 Qxe5 42. dxe5 Nd7 43. Bf4 Bb7 44. Kf1 Bd5 45. Bc2 1/2-1/2

[Event "Washington Class Ch - Master Section"]
[Site "Redmond, WA"]
[Date "2009.11.28"]
[Round "3"]
[White "Roper, David"]
[Black "Sinanan, Josh"]
[Result "1/2-1/2"]
[WhiteElo "2276"]
[BlackElo "2243"]
[PlyCount "77"]
[EventDate "2009.11.29"]
[Source "NWChess.com"]
[SourceDate "2009.12.26"]

1. e4 c5 2. Nf3 e6 3. d4 cxd4 4. Nxd4 Nc6 5. Nb5 d6 6. Bf4 e5 7. Be3 a6 8. N5c3
Be6 9. Nd5 Bxd5 10. exd5 Nb8 11. Bd3 Nf6 12. c4 Nbd7 13. Nc3 Be7 14. O-O O-O
15. b4 Ne8 16. Bf5 g6 17. Bxd7 Qxd7 18. Rc1 Ng7 19. c5 Nf5 20. c6 Qc7 21. Qd3
Nxe3 22. Qxe3 bxc6 23. Ne4 c5 24. Rfd1 c4 25. Nd2 Qb7 26. Nxc4 Qxb4 27. Nb6 Bg5
28. Qxg5 Qxb6 29. Rc6 Qb4 30. Qd2 a5 31. g3 Rfc8 32. h4 h5 33. Qc2 Qg4 34. Rc1
Rd8 35. Kg2 a4 36. a3 Ra5 37. f3 Qd4 38. Rd1 Qe3 39. Rd3 1/2-1/2

[Event "Washington Class Ch - Master Section"]
[Site "Redmond, WA"]
[Date "2009.11.27"]
[Round "2"]
[White "Schill, William"]
[Black "Harmon-Vellotti, Luke"]
[Result "1-0"]
[WhiteElo "2201"]
[BlackElo "2044"]
[PlyCount "83"]
[EventDate "2009.11.29"]
[Source "NWChess.com"]
[SourceDate "2009.12.26"]

1. e4 e6 2. d4 d5 3. Nc3 Bb4 4. exd5 exd5 5. Bd3 Nc6 6. a3 Bxc3+ 7. bxc3 Nge7
8. Rb1 O-O 9. Ne2 b6 10. Ng3 Qd6 11. O-O Bd7 12. Qh5 f5 13. Ne2 Ng6 14. g3 Rae8
15. Qf3 Nce7 16. h4 c5 17. h5 c4 18. hxg6 Nxg6 19. Bf4 Qc6 20. Rfe1 Bc8 21. Bd2
cxd3 22. cxd3 Ba6 23. c4 Qd7 24. cxd5 Bb7 25. Nc3 Ne7 26. Re5 Ng6 27. Rxe8 Rxe8
28. Re1 Rxe1+ 29. Bxe1 Ne7 30. Qf4 Nxd5 31. Qb8+ Kf7 32. Nb5 Qxb5 33. Qxb7+ Kg6
34. Bd2 a5 35. a4 Qb3 36. Bxa5 f4 37. Qc6+ Kg5 38. Bd2 h6 39. Kg2 Kh5 40. Qe8+
g6 41. Qe2+ Kg5 42. Qe5+ 1-0

[Event "Washington Class Ch - Master Section"]
[Site "Redmond, WA"]
[Date "2009.11.29"]
[Round "5"]
[White "Schill, William"]
[Black "Omori, Michael"]
[Result "1-0"]
[WhiteElo "2201"]
[BlackElo "1997"]
[PlyCount "79"]
[EventDate "2009.11.29"]
[Source "NWChess.com"]
[SourceDate "2009.12.26"]

1. e4 c5 2. Nf3 e6 3. c3 d5 4. exd5 exd5 5. d4 Nc6 6. Bb5 Bd6 7. O-O Nge7 8.
dxc5 Bxc5 9. Nbd2 O-O 10. Nb3 Bb6 11. Bd3 Bf5 12. Re1 Qd6 13. Be3 Bxe3 14. Rxe3
Rad8 15. Bxf5 Nxf5 16. Rd3 Rfe8 17. Qd2 Ne5 18. Nxe5 Rxe5 19. Re1 Rde8 20. Rxe5
Rxe5 21. Nd4 Qe7 22. Kf1 Nd6 23. Nf3 Nc4 24. Qf4 g5 25. Qc1 Rf5 26. b3 Nb6 27.
Re3 Qf6 28. h3 h5 29. Qe1 g4 30. hxg4 hxg4 31. Nd4 Rh5 32. Re8+ Kh7 33. Qe7 Qg6
34. Ke2 Rg5 35. Rf8 Kg7 36. Rxf7+ Qxf7 37. Qxg5+ Kh8 38. Qh4+ Kg7 39. Qg5+ Kh8
40. Qh6+ 1-0

[Event "Washington Class Ch - Master Section"]
[Site "Redmond, WA"]
[Date "2009.11.27"]
[Round "2"]
[White "Sinanan, Josh"]
[Black "Dixon, Dakota"]
[Result "1-0"]
[WhiteElo "2243"]
[BlackElo "2011"]
[PlyCount "84"]
[EventDate "2009.11.29"]
[Source "NWChess.com"]
[SourceDate "2009.12.26"]

1. d4 Nf6 2. c4 g6 3. Nc3 Bg7 4. e4 d6 5. Nf3 O-O 6. Be2 e5 7. O-O Nc6 8. d5
Ne7 9. b4 Nh5 10. Re1 f5 11. Ng5 Nf6 12. Bf3 Kh8 13. a4 h6 14. Ne6 Bxe6 15.
dxe6 Rb8 16. b5 Qc8 17. c5 Qxe6 18. cxd6 cxd6 19. Ba3 Rfd8 20. Rc1 Rd7 21. Re2
Rbd8 22. Rd2 fxe4 23. Nxe4 Nxe4 24. Bxe4 Nf5 25. Bd5 Qf6 26. a5 Nd4 27. b6 axb6
28. axb6 h5 29. Rc7 Qe7 30. Qb1 Kh7 31. Be4 Rxc7 32. bxc7 Qxc7 33. Bxg6+ Kh8
34. Bxh5 Qe7 35. Rd3 Ne6 36. Bc1 Rc8 37. Bg4 Kg8 38. Rh3 Rc4 39. Bxe6+ Qxe6 40.
Qh7+ Kf8 41. Rf3+ Ke8 42. Bg5 Re4 $2 1-0

[Event "Washington Class Ch - Master Section"]
[Site "Redmond, WA"]
[Date "2009.11.29"]
[Round "5"]
[White "Sinanan, Josh"]
[Black "Lee, Michael"]
[Result "0-1"]
[WhiteElo "2243"]
[BlackElo "2399"]
[PlyCount "102"]
[EventDate "2009.11.29"]
[Source "NWChess.com"]
[SourceDate "2009.12.26"]

1. Nf3 Nf6 2. c4 g6 3. Nc3 Bg7 4. e4 d6 5. d4 O-O 6. Be2 e5 7. O-O Nc6 8. d5
Ne7 9. b4 Nh5 10. Re1 f5 11. Ng5 Nf6 12. Bf3 c6 13. Be3 cxd5 14. cxd5 h6 15.
Ne6 Bxe6 16. dxe6 fxe4 17. Nxe4 Nxe4 18. Bxe4 d5 19. Bc2 e4 20. Rc1 b6 21. Bb3
Qd6 22. b5 Rac8 23. Qg4 Kh7 24. Rcd1 Qb4 25. Qe2 Bc3 26. Bd2 Rc5 27. Bxc3 Qxc3
28. Rd2 Qf6 29. Red1 Qxe6 30. f3 Rf4 31. Rd4 Qe5 32. fxe4 Rxe4 33. Rxe4 dxe4
34. Re1 Qd4+ 35. Qe3 Qxe3+ 36. Rxe3 Re5 37. Rc3 Nf5 38. Rc7+ Re7 39. Rxe7+ Nxe7
40. Kf2 Nf5 41. g4 Nd6 42. a4 Kg7 43. Ke3 Kf6 44. Kd4 Kg5 45. Ke5 Nb7 46. Bd1
Nc5 47. h3 Nd3+ 48. Kd4 Kf4 49. Be2 Nc1 50. Bc4 e3 51. Kc3 Kf3 0-1

[Event "Washington Class Ch - Expert Section"]
[Site "Redmond, WA"]
[Date "2009.11.28"]
[Round "2"]
[White "Breckenridge, Steven"]
[Black "Xing, Kerry"]
[Result "1-0"]
[WhiteElo "2174"]
[BlackElo "2107"]
[PlyCount "65"]
[EventDate "2009.11.29"]
[EventCountry "USA"]
[Source "NWChess.com"]
[SourceDate "2009.12.26"]

1. e4 e6 2. d4 d5 3. Nc3 Bb4 4. e5 c5 5. Bd2 Ne7 6. Nb5 Bxd2+ 7. Qxd2 O-O 8. f4
a6 9. Nd6 cxd4 10. Nf3 Nbc6 11. Bd3 f6 12. O-O Qc7 13. Qf2 Bd7 14. Qh4 h6 15.
Qh5 Nb4 16. g4 Nxd3 17. cxd3 fxe5 18. fxe5 Qc2 19. Rad1 Qe2 20. g5 g6 21. Qh3
h5 22. Rd2 Qe3+ 23. Rff2 Nc6 24. Qg3 Nb4 25. Nh4 Rxf2 26. Rxf2 Qxd3 27. Rf7 Bb5
28. Qf3 Qe3+ 29. Qxe3 dxe3 30. Nxg6 e2 31. Ne7+ Kh8 32. g6 $4 (32. Ng6+ Kg8 33.
Ne7+ Kh8 $11) 32... e1=Q+ 33. Kg2 $19 {
Here black lost on time; the time limit was game/60.} 1-0

[Event "Washington Class Ch - Expert Section"]
[Site "Redmond, WA"]
[Date "2009.11.28"]
[Round "1"]
[White "Hadzic, Huso"]
[Black "Breckenridge, Steven"]
[Result "0-1"]
[WhiteElo "2192"]
[BlackElo "2174"]
[PlyCount "72"]
[EventDate "2009.11.29"]
[EventCountry "USA"]
[Source "NWChess.com"]
[SourceDate "2009.12.26"]

1. e4 g6 2. d4 Bg7 3. Nf3 d6 4. h3 Nf6 5. Nc3 O-O 6. Be3 c6 7. Qd2 b5 8. Bd3
Nbd7 9. Bh6 e5 10. Bxg7 Kxg7 11. dxe5 dxe5 12. a4 b4 13. Ne2 Qe7 14. O-O Rd8
15. Ng3 h6 16. Rad1 Nb6 17. b3 Qc5 18. Rfe1 Be6 19. Qe3 Qa5 20. Bf1 Rxd1 21.
Rxd1 Nbd7 22. Nh4 Qc5 23. Qd2 Rc8 24. Bc4 Bxc4 25. Nhf5+ $6 Kg8 26. Nxh6+ Kh7
27. bxc4 Qf8 28. Ng4 Nxg4 29. Qxd7 Nf6 30. Qxa7 Kg7 31. Qb6 c5 32. Rd6 Qe7 33.
Rc6 Rd8 34. Qxc5 Rd1+ 35. Kh2 $4 Ng4+ 36. hxg4 Qh4# 0-1

[Event "Washington Class Ch - Expert Section"]
[Site "Redmond, WA"]
[Date "2009.11.28"]
[Round "4"]
[White "Hadzic, Huso"]
[Black "Wilson, Matthew"]
[Result "1-0"]
[WhiteElo "2192"]
[BlackElo "1856"]
[PlyCount "131"]
[EventDate "2009.11.29"]
[EventCountry "USA"]
[Source "NWChess.com"]
[SourceDate "2009.12.26"]

1. e4 c5 2. Nf3 a6 3. d4 cxd4 4. Nxd4 Nf6 5. Nc3 e5 6. Nf3 Bb4 7. Bc4 Qc7 8.
Qd3 b5 9. Bb3 Bb7 10. O-O Bxc3 11. bxc3 Bxe4 12. Bxf7+ Ke7 13. Ba3+ d6 14. Qe3
Bxf3 15. Bb3 Nc6 16. Qxf3 a5 17. Rad1 b4 18. cxb4 axb4 19. Bb2 Na5 20. Qg3 g6
21. f4 Qc5+ 22. Kh1 e4 23. Bxf6+ Kxf6 24. Qh4+ Kg7 25. Qe7+ Kh6 26. Rxd6 Nxb3
27. axb3 Qb5 28. Re1 Rhe8 29. Qh4+ Qh5 30. Qxh5+ Kxh5 31. h3 Re7 32. Rd4 Rc8
33. Re2 Rb8 34. Rexe4 Reb7 35. Re5+ Kh6 36. Rc5 Kg7 37. Rdc4 h5 38. Kh2 Rb6 39.
Kg3 Kh6 40. f5 gxf5 41. Rxf5 Rg8+ 42. Kf3 Rg5 43. Rxg5 Kxg5 44. Rc5+ Kh6 45. g4
hxg4+ 46. hxg4 Kg6 47. Ke3 Kf6 48. Kd4 Kg6 49. Rc4 Rb5 50. Rc6+ Kf7 51. Kc4 Rg5
52. Kxb4 Rxg4+ 53. c4 Ke7 54. Kb5 Kd7 55. b4 Rg5+ 56. c5 Rg8 57. Rh6 Kc7 58.
Rh7+ Kc8 59. c6 Kb8 60. Kc5 Rg5+ 61. Kb6 Rg8 62. b5 Rf8 63. Rb7+ Ka8 64. Ra7+
Kb8 65. c7+ Kc8 66. Ra8+ 1-0

[Event "Washington Class Ch - Expert Section"]
[Site "Redmond, WA"]
[Date "2009.11.27"]
[Round "1"]
[White "Kalina, Chris"]
[Black "Bartron, Paul"]
[Result "1/2-1/2"]
[WhiteElo "1954"]
[BlackElo "2155"]
[PlyCount "100"]
[EventDate "2009.11.29"]
[EventCountry "USA"]
[Source "NWChess.com"]
[SourceDate "2009.12.26"]

1. e4 c5 2. Nf3 d6 3. d4 cxd4 4. Nxd4 Nf6 5. f3 g6 6. c4 Bg7 7. Nc3 O-O 8. Be3
Nc6 9. Qd2 Bd7 10. Be2 Qa5 11. O-O Rfc8 12. Rfd1 a6 13. Nb3 Qb4 14. Qc2 Na5 15.
Nd2 Nxc4 16. Nxc4 Rxc4 17. Bxc4 Qxc4 18. Rac1 Rc8 19. Qd2 Qb4 20. Nd5 Nxd5 21.
Rxc8+ Bxc8 22. exd5 Qxb2 23. Qxb2 Bxb2 24. Rb1 Bf6 25. Rc1 Bf5 26. g4 Bd3 27.
Rc7 g5 28. Rxb7 Bc4 29. a4 Bxd5 30. Rb8+ Kg7 31. Kf2 Bc4 32. Rc8 d5 33. Bc5 e6
34. Ke3 Be5 35. Bd4 Kf6 36. a5 Bb5 37. Rb8 Bc4 38. Rb7 Bxd4+ 39. Kxd4 Be2 40.
Rb3 Bc4 41. Re3 Ke7 42. Kc5 Kd7 43. Re1 Bb5 44. h4 h6 45. hxg5 hxg5 46. Rc1 Bc4
47. Rb1 e5 48. Rb6 Ke7 49. Rb7+ Ke6 50. Rb6+ Ke7 1/2-1/2